[Event "Perth AUS Open"]
[Site "?"]
[Date "2023.01.04"]
[Round "4.22"]
[White "Shen, Fiona"]
[Black "Pimenov, Alex"]
[Result "1-0"]
[WhiteElo "1625"]
[BlackElo "1800"]
[PlyCount "73"]
[EventDate "2023.01.??"]
[EventRounds "11"]
[EventCountry "AUS"]
[SourceVersionDate "2023.01.02"]

1. d4 Nf6 2. c4 g6 3. Nc3 Bg7 4. e4 d6 5. f3 c5 6. d5 h5 7. Be3 Nbd7 8. Bd3 Ne5 9. Nge2 Qa5 10. h3 Qb4 11. b3 h4 12. O-O Nh5 13. Rc1 Bd7 14. f4 Nxd3 15. Qxd3 O-O-O 16. Nb5 Bxb5 17. cxb5 Ng3 18. Nxg3 hxg3 19. Rc4 Qa5 20. Ra4 Qb6 21. Rc1 Kb8 22. e5 Rc8 23. b4 cxb4 24. Rxc8+ Rxc8 25. Bxb6 Rc1+ 26. Qf1 Rxf1+ 27. Kxf1 axb6 28. exd6 exd6 29. Rxb4 Kc7 30. Re4 Kd7 31. Ke2 g5 32. fxg5 Be5 33. Kf3 Ke7 34. Rxe5+ dxe5 35. Ke4 f6 36. gxf6+ Kxf6 37. h4 1-0

[Event "Perth AUS Open"]
[Site "?"]
[Date "2023.01.04"]
[Round "4.24"]
[White "Kelly, Adam"]
[Black "Rice, Lauren"]
[Result "1-0"]
[WhiteElo "2006"]
[BlackElo "1594"]
[PlyCount "95"]
[EventDate "2023.01.??"]
[EventRounds "11"]
[EventCountry "AUS"]
[SourceVersionDate "2023.01.02"]

1. d4 Nf6 2. c4 g6 3. Nc3 d5 4. Nf3 Bg7 5. Bg5 Ne4 6. Bf4 Nxc3 7. bxc3 O-O 8. e3 c5 9. cxd5 Qxd5 10. Be2 h6 11. O-O Bf5 12. Ne5 cxd4 13. Bc4 Qd8 14. cxd4 Nd7 15. Nxf7 Rxf7 16. Bxf7+ Kxf7 17. Qb3+ Be6 18. Qxb7 Nb6 19. Rfc1 Nc4 20. Bc7 Qd5 21. Qxd5 Bxd5 22. e4 Rc8 23. exd5 Rxc7 24. Rc2 Bxd4 25. Rac1 Rd7 26. Rxc4 Rxd5 27. Kf1 Bb6 28. f3 h5 29. a4 g5 30. Ke2 Ba5 31. R1c2 Re5+ 32. Kd3 Re1 33. Rc5 Bb4 34. Rxg5 Ra1 35. Rxh5 Rxa4 36. Rf5+ Kg7 37. Rc4 Ra3+ 38. Kc2 a5 39. Rg4+ Kh6 40. Rf8 Bc3 41. Rfg8 Kh7 42. R8g5 Kh6 43. f4 Be1 44. g3 Ra2+ 45. Kd1 Ra1+ 46. Ke2 Ra2+ 47. Kxe1 Rxh2 48. Rh4+ 1-0

[Event "Perth AUS Open"]
[Site "?"]
[Date "2023.01.04"]
[Round "4.25"]
[White "Maris, Rob"]
[Black "Xiao Zhou Ning"]
[Result "1-0"]
[WhiteElo "1925"]
[BlackElo "1583"]
[PlyCount "120"]
[EventDate "2023.01.??"]
[EventRounds "11"]
[EventCountry "AUS"]
[SourceVersionDate "2023.01.02"]

1. c4 Nf6 2. Nc3 e5 3. Nf3 d6 4. g3 c5 5. Bg2 g6 6. e3 Bg4 7. h3 Bxf3 8. Bxf3 Nc6 9. a3 Bg7 10. Rb1 a5 11. b3 O-O 12. Bb2 Re8 13. Qc2 Qe7 14. d3 Rad8 15. Qd2 Qd7 16. Nd5 Rb8 17. Bg2 b6 18. Nxf6+ Bxf6 19. O-O Rbd8 20. Rbd1 Bg7 21. Bc3 Rb8 22. Rb1 Red8 23. b4 axb4 24. axb4 Nxb4 25. Bxb4 cxb4 26. Rxb4 Bf8 27. Rb5 Rdc8 28. Rfb1 Qc7 29. Qb2 Be7 30. Rxb6 Rxb6 31. Qxb6 Qxb6 32. Rxb6 Kg7 33. Rb7 Re8 34. Bc6 Rc8 35. Rxe7 Rxc6 36. Kg2 Kf6 37. Re8 h5 38. Kf3 Rc5 39. Rb8 Ke6 40. Rb4 Rc7 41. Ke2 Rc5 42. Rb6 e4 43. Ra6 exd3+ 44. Kxd3 Rc7 45. e4 Rc5 46. f4 f6 47. Kd4 Kd7 48. Ra7+ Rc7 49. Rxc7+ Kxc7 50. h4 Kd7 51. Kd5 Ke7 52. e5 dxe5 53. fxe5 f5 54. c5 g5 55. Kd4 f4 56. hxg5 fxg3 57. Ke3 h4 58. Kf3 Kf7 59. c6 Ke6 60. g6 Ke7 1-0

[Event "Perth AUS Open"]
[Site "?"]
[Date "2023.01.04"]
[Round "4.26"]
[White "Novakovic, Velibor"]
[Black "Koh, Shannon"]
[Result "1/2-1/2"]
[WhiteElo "1911"]
[BlackElo "1541"]
[PlyCount "62"]
[EventDate "2023.01.??"]
[EventRounds "11"]
[EventCountry "AUS"]
[SourceVersionDate "2023.01.02"]

1. e4 c5 2. Nc3 e6 3. g3 d5 4. d3 Nc6 5. Bg2 Nf6 6. Bg5 Be7 7. exd5 Nxd5 8. Bxe7 Qxe7 9. Nge2 Nxc3 10. Bxc6+ bxc6 11. Nxc3 O-O 12. O-O Rd8 13. Qh5 c4 14. dxc4 Qb4 15. Ne4 Qxb2 16. Ng5 Qf6 17. Qxh7+ Kf8 18. h4 Ba6 19. Qe4 Qd4 20. Qxc6 Bxc4 21. Qb7 e5 22. Nf3 Qb6 23. Qxb6 axb6 24. Rfe1 f6 25. a4 Ra5 26. Re3 b5 27. Rea3 Rda8 28. Nd2 Bf7 29. Kf1 Rxa4 30. Rxa4 bxa4 31. Ra3 Rc8 1/2-1/2

[Event "Perth AUS Open"]
[Site "?"]
[Date "2023.01.04"]
[Round "4.27"]
[White "Gunawan, Marco"]
[Black "Holland, Dennis"]
[Result "1/2-1/2"]
[WhiteElo "1507"]
[BlackElo "1899"]
[PlyCount "52"]
[EventDate "2023.01.??"]
[EventRounds "11"]
[EventCountry "AUS"]
[SourceVersionDate "2023.01.02"]

1. c4 c6 2. Nc3 d5 3. cxd5 cxd5 4. d4 Nc6 5. Nf3 Nf6 6. g3 g6 7. Bg2 Bg7 8. O-O O-O 9. Re1 Re8 10. Ne5 Nxe5 11. dxe5 Ng4 12. Qxd5 Qb6 13. Ne4 Nxe5 14. Qc5 Qxc5 15. Nxc5 Nc4 16. Nxb7 Bxb7 17. Bxb7 Rab8 18. Bd5 Nxb2 19. Bxb2 Rxb2 20. Rab1 Reb8 21. Bb3 Rxb1 22. Rxb1 Kf8 23. Kf1 f5 24. f4 e5 25. e3 e4 26. Rc1 Re8 1/2-1/2

[Event "Perth AUS Open"]
[Site "?"]
[Date "2023.01.04"]
[Round "4.28"]
[White "Arthur, Matthew"]
[Black "Hardegen, Kathryn"]
[Result "0-1"]
[WhiteElo "1605"]
[BlackElo "1887"]
[PlyCount "200"]
[EventDate "2023.01.??"]
[EventRounds "11"]
[EventCountry "AUS"]
[SourceVersionDate "2023.01.02"]

1. d4 d5 2. c4 c6 3. Nc3 Nf6 4. e3 a6 5. a4 dxc4 6. Bxc4 e6 7. Nf3 Be7 8. O-O O-O 9. e4 Qc7 10. Bg5 Re8 11. Qc2 c5 12. dxc5 Qxc5 13. Bd3 Nc6 14. Bxf6 gxf6 15. Qe2 Qh5 16. Rfd1 Rb8 17. Nd4 Qxe2 18. Bxe2 Nb4 19. Na2 Nxa2 20. Rxa2 e5 21. Nf5 Bxf5 22. exf5 Red8 23. Raa1 a5 24. b3 b6 25. Bc4 Kg7 26. h3 h5 27. g4 hxg4 28. hxg4 Bc5 29. Kg2 Bd4 30. Rac1 Bc5 31. Bd5 Bd4 32. Bc4 Rbc8 33. Re1 Rc7 34. f3 Bc5 35. Re2 Rcd7 36. Rce1 Bb4 37. Rc1 Bc5 38. Rce1 Bb4 39. Rc1 Ba3 40. Rce1 Bb4 41. Rc1 Rd2 42. Rxd2 Rxd2+ 43. Kh3 Bc5 44. Rf1 Be3 45. Re1 Bc5 46. Rf1 Rc2 47. Rd1 Bd4 48. Kg3 Be3 49. Rh1 Bf4+ 50. Kh3 Rf2 51. Bd5 Rd2 52. Be4 Kf8 53. Kh4 Ke7 54. g5 fxg5+ 55. Kg4 Rg2+ 56. Kh5 Kf6 57. Bd3 Kg7 58. Be4 f6 59. Bd5 Rd2 60. Bc4 Rc2 61. Kg4 Rd2 62. Kh5 Bg3 63. Kg4 Bf2 64. Kh5 Bc5 65. Kg4 Bf2 66. Kh5 Rd4 67. Be6 Rf4 68. Rh3 Bc5 69. Bd7 Rd4 70. Be6 Bb4 71. Bc4 Bc5 72. Be6 Rd3 73. Bc4 Rd2 74. Be6 Rd3 75. Bc4 Re3 76. Kg4 e4 77. Bd5 exf3 78. Rxf3 Re1 79. Rg3 Bf2 80. Rg2 Bc5 81. Rg3 Rd1 82. Be6 Bd6 83. Rg2 Rd4+ 84. Kf3 Bc5 85. Rg4 Rd3+ 86. Kg2 Rd2+ 87. Kf3 Rf2+ 88. Kg3 Rf1 89. Kh2 Bd6+ 90. Kg2 Rd1 91. Kf3 Bf4 92. Kg2 Rd3 93. Bc4 Rc3 94. Be6 Kh6 95. Bf7 Rc7 96. Be8 Re7 97. Bc6 Re5 98. Kf3 Rxf5 99. Be4 Rc5 100. Ke2 f5 0-1

[Event "Perth AUS Open"]
[Site "?"]
[Date "2023.01.04"]
[Round "4.29"]
[White "Sheridan, Wallace"]
[Black "Janceski, Alex"]
[Result "0-1"]
[WhiteElo "1461"]
[BlackElo "1821"]
[PlyCount "86"]
[EventDate "2023.01.??"]
[EventRounds "11"]
[EventCountry "AUS"]
[SourceVersionDate "2023.01.02"]

1. d4 d5 2. Nf3 Nf6 3. e3 g6 4. Be2 Bg7 5. O-O O-O 6. b4 c6 7. a4 b6 8. Nbd2 Nbd7 9. Bb2 Bb7 10. Nb3 Rc8 11. a5 b5 12. Nc5 Nxc5 13. bxc5 a6 14. Ne5 Qc7 15. Qd3 Rcd8 16. f4 Bc8 17. g4 Ne4 18. f5 f6 19. Nf3 gxf5 20. gxf5 Bxf5 21. Nh4 Bg6 22. Nxg6 hxg6 23. Bf3 f5 24. Bxe4 fxe4 25. Rxf8+ Rxf8 26. Qe2 Bh6 27. Bc3 Rf3 28. Bd2 Qd7 29. Rf1 Rf6 30. Qg2 Kg7 31. Qg3 Rf5 32. Rxf5 Qxf5 33. Kg2 Kf6 34. Be1 e5 35. c3 exd4 36. cxd4 Qg5 37. Bf2 Kf5 38. Kf1 Qxg3 39. hxg3 Bg5 40. Ke2 Kg4 41. Be1 Bd8 42. Kf2 Kh3 43. Kg1 Bc7 0-1

[Event "Perth AUS Open"]
[Site "?"]
[Date "2023.01.04"]
[Round "4.30"]
[White "Laubbacher, Jamie"]
[Black "Arthur, James"]
[Result "0-1"]
[WhiteElo "1797"]
[BlackElo "1534"]
[PlyCount "54"]
[EventDate "2023.01.??"]
[EventRounds "11"]
[EventCountry "AUS"]
[SourceVersionDate "2023.01.02"]

1. c4 e6 2. d4 d5 3. Nf3 Nf6 4. g3 Be7 5. Bg2 Ne4 6. Nfd2 f5 7. O-O O-O 8. f3 Nxd2 9. Nxd2 Nd7 10. e4 c5 11. exf5 cxd4 12. fxe6 Nb6 13. cxd5 Nxd5 14. Nb3 Qb6 15. Qxd4 Qxd4+ 16. Nxd4 Bc5 17. Rd1 Nb4 18. Be3 Bxe6 19. Nxe6 Bxe3+ 20. Kf1 Rf6 21. Nc7 Rc8 22. Rd7 Rc6 23. Nd5 Nxd5 24. f4 Rc1+ 25. Rxc1 Rxc1+ 26. Ke2 Rc2+ 27. Kd3 Rd2+ 0-1

[Event "Perth AUS Open"]
[Site "?"]
[Date "2023.01.04"]
[Round "4.31"]
[White "Ellis, David"]
[Black "Yu Leiming"]
[Result "1-0"]
[WhiteElo "1770"]
[BlackElo "1511"]
[PlyCount "51"]
[EventDate "2023.01.??"]
[EventRounds "11"]
[EventCountry "AUS"]
[SourceVersionDate "2023.01.02"]

1. Nf3 d5 2. b3 Nf6 3. Bb2 c5 4. e3 Nc6 5. Bb5 a6 6. Bxc6+ bxc6 7. Ne5 Qc7 8. f4 Bf5 9. d3 h6 10. Nd2 e6 11. Qe2 Be7 12. O-O O-O 13. g4 Bh7 14. h4 Nd7 15. g5 hxg5 16. hxg5 Nxe5 17. Bxe5 Bd6 18. Nf3 f6 19. Bxd6 Qxd6 20. Qg2 Kf7 21. g6+ Bxg6 22. Ne5+ Ke8 23. Qxg6+ Ke7 24. Qxg7+ Ke8 25. Ng6 Ra7 26. Qxf8+ 1-0

[Event "Perth AUS Open"]
[Site "?"]
[Date "2023.01.04"]
[Round "4.32"]
[White "King, David"]
[Black "Solomontchik, Daniel"]
[Result "1/2-1/2"]
[WhiteElo "1740"]
[BlackElo "1452"]
[PlyCount "163"]
[EventDate "2023.01.??"]
[EventRounds "11"]
[EventCountry "AUS"]
[SourceVersionDate "2023.01.02"]

1. e4 d5 2. exd5 Qxd5 3. Nc3 Qe5+ 4. Be2 Bg4 5. d4 Bxe2 6. Ngxe2 Qa5 7. O-O Nf6 8. Bd2 e6 9. h3 Nc6 10. a3 O-O-O 11. Be3 Qf5 12. Ng3 Qg6 13. Nce2 Bd6 14. c3 h5 15. Qb1 Qxb1 16. Raxb1 h4 17. Nh1 Rdg8 18. f3 g5 19. Nf2 Nd5 20. Bd2 f5 21. Rfe1 Kd7 22. Rbd1 Nf6 23. c4 g4 24. fxg4 fxg4 25. Bc3 gxh3 26. Nxh3 Rh6 27. Nef4 Bxf4 28. Nxf4 Nh5 29. Nh3 Rhg6 30. Rd2 Ne7 31. d5 exd5 32. Bb4 Nf5 33. Re5 Nhg3 34. Nf4 Rg4 35. Rexd5+ Kc8 36. Ne6 b6 37. Rd8+ Rxd8 38. Rxd8+ Kb7 39. Rd7 Rxc4 40. Rd1 Rc2 41. Rb1 Ne3 42. Nf4 Ne2+ 43. Nxe2 Rxe2 44. Kh2 Nxg2 45. Kh3 Nf4+ 46. Kxh4 Nd3 47. Bc3 Nc5 48. Kg4 Ne4 49. Bh8 Nd2 50. Rc1 Nb3 51. Rd1 Rd2 52. Rxd2 Nxd2 53. Kf4 Kc6 54. Ke3 Nc4+ 55. Kd3 Nd6 56. Kc3 Kb5 57. b3 a6 58. Be5 Kc5 59. Bf4 b5 60. Be3+ Kd5 61. Kc2 c6 62. Bd2 Kd4 63. Bc3+ Ke4 64. a4 Nf5 65. Ba5 Ne3+ 66. Kc3 Nd5+ 67. Kd2 Kd4 68. axb5 axb5 69. Bd8 Kc5 70. Bg5 Kb4 71. Kc2 Ka3 72. Bh6 Nc7 73. Bf8+ Ka2 74. Bd6 Ne6 75. Kc3 Kb1 76. Ba3 Nf4 77. Bd6 Nd5+ 78. Kd4 Kc2 79. Kc5 Kxb3 80. Kxc6 Nc3 81. Be5 b4 82. Bd6 1/2-1/2

[Event "Perth AUS Open"]
[Site "?"]
[Date "2023.01.04"]
[Round "4.34"]
[White "Andador, Dominador"]
[Black "Marriott, Max"]
[Result "0-1"]
[WhiteElo "1886"]
[BlackElo "1533"]
[PlyCount "86"]
[EventDate "2023.01.??"]
[EventRounds "11"]
[EventCountry "AUS"]
[SourceVersionDate "2023.01.02"]

1. Nf3 d5 2. g3 Nf6 3. Bg2 c6 4. d3 h6 5. O-O Bf5 6. Re1 Nbd7 7. Nh4 Bh7 8. e4 dxe4 9. dxe4 e6 10. e5 Nd5 11. a3 Be7 12. Nf3 O-O 13. c4 N5b6 14. Qe2 Nc5 15. Nbd2 Bd3 16. Qe3 Nxc4 17. Nxc4 Bxc4 18. Qc3 Bd5 19. Be3 Nd7 20. Rad1 Qc7 21. b4 a6 22. Bf4 Rac8 23. Qd2 c5 24. Bxh6 Bxf3 25. Bxg7 Kxg7 26. Bxf3 Nxe5 27. Bxb7 Rcd8 28. Qf4 f6 29. Qe4 cxb4 30. axb4 Rxd1 31. Rxd1 Rb8 32. Bxa6 Rxb4 33. Qe2 Qc6 34. h3 Nf3+ 35. Kf1 Nh4 36. Qd3 Qg2+ 37. Ke2 Re4+ 38. Kd2 Qxf2+ 39. Kc1 Re3 40. Qc2 Qxg3 41. Kb2 Qe5+ 42. Kb1 Qb8+ 43. Kc1 Ba3+ 0-1

[Event "Perth AUS Open"]
[Site "?"]
[Date "2023.01.04"]
[Round "4.35"]
[White "Allison, Brian C"]
[Black "Taylor, Noah"]
[Result "0-1"]
[WhiteElo "1624"]
[BlackElo "1525"]
[PlyCount "42"]
[EventDate "2023.01.??"]
[EventRounds "11"]
[EventCountry "AUS"]
[SourceVersionDate "2023.01.02"]

1. f4 d5 2. e3 c5 3. Nf3 Nc6 4. Be2 Nf6 5. O-O Bf5 6. Ne5 h5 7. h3 Qd6 8. Nxc6 bxc6 9. b3 Ne4 10. Bf3 Ng3 11. Re1 Qd7 12. Kh2 h4 13. Bb2 Rg8 14. d3 g5 15. Nd2 Bh6 16. e4 g4 17. exf5 gxf3 18. Bf6 Qxf5 19. Bxe7 Qxf4 20. Bd6+ Ne2+ 21. Kh1 fxg2# 0-1

[Event "Perth AUS Open"]
[Site "?"]
[Date "2023.01.04"]
[Round "4.36"]
[White "Huang Hui"]
[Black "Hernandez Mendez, Iker"]
[Result "0-1"]
[WhiteElo "1514"]
[BlackElo "1611"]
[PlyCount "120"]
[EventDate "2023.01.??"]
[EventRounds "11"]
[EventCountry "AUS"]
[SourceVersionDate "2023.01.02"]

1. d4 Nf6 2. Bf4 g6 3. Nc3 d5 4. e3 Bg7 5. Be2 c6 6. a3 Nbd7 7. Nf3 O-O 8. h4 Qa5 9. Nd2 Re8 10. h5 e5 11. dxe5 Nxe5 12. hxg6 fxg6 13. f3 Nh5 14. Nb3 Qd8 15. Bxe5 Bxe5 16. Qd2 Bg3+ 17. Kd1 Nf6 18. Bd3 Qe7 19. e4 dxe4 20. Nxe4 Nxe4 21. fxe4 Bg4+ 22. Kc1 Rad8 23. Qc3 Be6 24. Nc5 Bf4+ 25. Kb1 Bf7 26. Bc4 Be5 27. Bxf7+ Qxf7 28. Qb3 Qxb3 29. Nxb3 Bg3 30. Rh3 Bf4 31. Ka2 Rxe4 32. Nc5 Re7 33. Nd3 Bd6 34. Rah1 Rf8 35. a4 Rff7 36. Kb3 Re4 37. Rg1 c5 38. Nc1 Rb4+ 39. Ka3 c4 40. Ka2 Rxa4+ 41. Kb1 Ra5 42. Ne2 Re5 43. Nc3 Rfe7 44. b3 Re1+ 45. Rxe1 Rxe1+ 46. Kb2 Rg1 47. Nd5 Be5+ 48. c3 Rxg2+ 49. Ka3 cxb3 50. Kxb3 Rg4 51. Re3 Rg5 52. Ne7+ Kf7 53. Nc8 a6 54. Rd3 Rg3 55. Rd7+ Ke6 56. Re7+ Kf5 57. Rf7+ Kg4 58. Ne7 Rxc3+ 59. Ka2 Rc7 60. Nxg6 hxg6 0-1

[Event "Perth AUS Open"]
[Site "?"]
[Date "2023.01.04"]
[Round "4.37"]
[White "Yeung, Evan"]
[Black "Manganas, Alexander"]
[Result "1/2-1/2"]
[WhiteElo "1608"]
[BlackElo "1155"]
[PlyCount "165"]
[EventDate "2023.01.??"]
[EventRounds "11"]
[EventCountry "AUS"]
[SourceVersionDate "2023.01.02"]

1. e4 e5 2. Nf3 Nc6 3. Bc4 Bc5 4. c3 Nf6 5. d3 O-O 6. O-O d6 7. a4 a5 8. Be3 Ba7 9. Re1 Be6 10. Nbd2 Bxe3 11. fxe3 d5 12. exd5 Bxd5 13. e4 Bxc4 14. Nxc4 Qe7 15. Kh1 Qc5 16. Ncxe5 Nxe5 17. d4 Qb6 18. Nxe5 Qxb2 19. Qf3 b6 20. Nc4 Qb3 21. Qd3 b5 22. axb5 Qxb5 23. Reb1 Nxe4 24. Rxb5 Nf2+ 25. Kg1 Nxd3 26. Rbxa5 Rxa5 27. Rxa5 Rb8 28. Ra1 f6 29. Rd1 Nf4 30. g3 Ne2+ 31. Kf2 Nxc3 32. Rc1 Ne4+ 33. Kf3 Ng5+ 34. Kf2 Ne6 35. d5 Nc5 36. Ke3 Rd8 37. d6 cxd6 38. Nxd6 Nd3 39. Kxd3 Rxd6+ 40. Ke3 Kf7 41. Rc7+ Kg6 42. Rc4 Rd5 43. Rg4+ Rg5 44. Rc4 Rf5 45. Ke2 Rh5 46. h4 Rf5 47. Rg4+ Kh6 48. Rc4 g6 49. Rd4 Re5+ 50. Kf2 Kh5 51. Kf3 f5 52. Rd7 h6 53. Rf7 Ra5 54. Rf8 Ra3+ 55. Kf4 Ra1 56. Rh8 Rf1+ 57. Ke3 Rg1 58. Kf2 Ra1 59. Kf3 Ra3+ 60. Kf4 Ra4+ 61. Kf3 Rg4 62. Rf8 Rb4 63. Rh8 Rb1 64. Rh7 Rb6 65. Kf4 g5+ 66. hxg5 Rb4+ 67. Kxf5 Rb5+ 68. Kf4 Rxg5 69. Kf3 Rg6 70. Rf7 Kg5 71. Rf4 h5 72. Kg2 Rd6 73. Rc4 Rd3 74. Rb4 Rd2+ 75. Kf3 Rd1 76. Kf2 Rh1 77. Kg2 Ra1 78. Kf3 Ra3+ 79. Kg2 Rd3 80. Ra4 Rd2+ 81. Kf3 Rd5 82. Kg2 Rf5 83. Rb4 1/2-1/2

[Event "Perth AUS Open"]
[Site "?"]
[Date "2023.01.04"]
[Round "4.38"]
[White "Gunawan, Tjermin"]
[Black "Raptis, Liam"]
[Result "1-0"]
[WhiteElo "1593"]
[BlackElo "1436"]
[PlyCount "61"]
[EventDate "2023.01.??"]
[EventRounds "11"]
[EventCountry "AUS"]
[SourceVersionDate "2023.01.02"]

1. d4 d5 2. Nf3 Nf6 3. g3 c5 4. c3 Nc6 5. Bg2 Bf5 6. O-O e6 7. Bf4 Bd6 8. Bxd6 Qxd6 9. a3 O-O 10. Nh4 Bxb1 11. Rxb1 c4 12. Nf3 Ne4 13. Nd2 Nxd2 14. Qxd2 Na5 15. e4 Nb3 16. Qc2 Rfe8 17. exd5 exd5 18. Rfe1 Re6 19. Re2 Rae8 20. Rbe1 b5 21. Bh3 R6e7 22. f4 f6 23. Bg2 Rxe2 24. Rxe2 Rxe2 25. Qxe2 Kf8 26. Qg4 Qc6 27. Qf5 Nd2 28. Bxd5 Qb6 29. Qxh7 Qd6 30. Qg8+ Ke7 31. Qxg7+ 1-0

[Event "Perth AUS Open"]
[Site "?"]
[Date "2023.01.04"]
[Round "4.39"]
[White "Rafiei Darani, Daryoush"]
[Black "Roebuck, Derek"]
[Result "0-1"]
[WhiteElo "1504"]
[BlackElo "1592"]
[PlyCount "39"]
[EventDate "2023.01.??"]
[EventRounds "11"]
[EventCountry "AUS"]
[SourceVersionDate "2023.01.02"]

1. e4 e5 2. Nf3 Nc6 3. Bc4 Nf6 4. d3 d5 5. exd5 Nxd5 6. Ng5 f6 7. Ne4 Nb6 8. Bb3 Nd4 9. Nbd2 Bf5 10. Ng3 Bg6 11. Nf3 Nxb3 12. axb3 Nd5 13. O-O Be7 14. Nh4 Qd7 15. Qf3 c6 16. Ngf5 Bxf5 17. Nxf5 Kf7 18. Qg4 Bf8 19. d4 g6 20. Nd6+ 0-1

[Event "Perth AUS Open"]
[Site "?"]
[Date "2023.01.04"]
[Round "4.40"]
[White "Lawes, Alexander"]
[Black "Simonds, Marcus"]
[Result "0-1"]
[WhiteElo "1407"]
[BlackElo "1581"]
[PlyCount "68"]
[EventDate "2023.01.??"]
[EventRounds "11"]
[EventCountry "AUS"]
[SourceVersionDate "2023.01.02"]

1. e4 e6 2. d4 d5 3. exd5 exd5 4. Bd3 Nc6 5. c3 Bd6 6. Ne2 Qf6 7. O-O Bg4 8. Qb3 O-O-O 9. Be3 Nge7 10. Ng3 h5 11. h3 Be6 12. Nd2 g5 13. c4 g4 14. c5 Bf4 15. Ne2 Bxe3 16. fxe3 Qh6 17. Nf4 gxh3 18. g3 Rdg8 19. Kh2 h4 20. Rg1 hxg3+ 21. Rxg3 Rxg3 22. Kxg3 Qh4+ 23. Kh2 Qf2+ 24. Kh1 Qxd2 25. Be2 Nxd4 26. exd4 Qxf4 27. Qa3 Nc6 28. b4 Qxd4 29. Rd1 Qxb4 30. Qe3 Qe4+ 31. Qxe4 dxe4 32. a3 Rg8 33. Bf1 Rg3 34. a4 Rc3 0-1

[Event "Perth AUS Open"]
[Site "?"]
[Date "2023.01.04"]
[Round "4.41"]
[White "Schiavone, Emmanuel"]
[Black "Milner, Anthony James"]
[Result "1-0"]
[WhiteElo "1573"]
[BlackElo "1102"]
[PlyCount "65"]
[EventDate "2023.01.??"]
[EventRounds "11"]
[EventCountry "AUS"]
[SourceVersionDate "2023.01.02"]

1. e4 e5 2. Nf3 Nc6 3. Bb5 d6 4. d4 exd4 5. Nxd4 Bd7 6. O-O Nxd4 7. Bxd7+ Qxd7 8. Qxd4 f6 9. Nc3 c6 10. Be3 Nh6 11. Bxh6 gxh6 12. Qxf6 Bg7 13. Qf3 O-O-O 14. a4 Rhg8 15. g3 Rdf8 16. Qe3 c5 17. a5 Qe6 18. a6 b6 19. Qd3 Be5 20. Qd5 Qxd5 21. Nxd5 Rf7 22. c3 h5 23. f4 Bg7 24. h3 Re8 25. Rae1 Kd7 26. b4 Kc6 27. bxc5 Kxc5 28. Rf2 Rf5 29. Kf1 Rff8 30. Ra2 Kc4 31. Ree2 Bxc3 32. Rac2 Kb5 33. Rxc3 1-0

[Event "Perth AUS Open"]
[Site "?"]
[Date "2023.01.04"]
[Round "4.45"]
[White "De Rooy, Jack"]
[Black "Cadag, Herbert"]
[Result "0-1"]
[WhiteElo "1242"]
[BlackElo "1557"]
[PlyCount "70"]
[EventDate "2023.01.??"]
[EventRounds "11"]
[EventCountry "AUS"]
[SourceVersionDate "2023.01.02"]

1. d4 Nf6 2. Bf4 d5 3. Nf3 h6 4. e3 Bg4 5. Nbd2 e6 6. Be2 Bd6 7. Bxd6 cxd6 8. O-O Nc6 9. c3 g5 10. Qb3 Qe7 11. Bb5 O-O 12. Rfe1 Bf5 13. Rad1 Rab8 14. Nf1 Ne4 15. Ng3 g4 16. Nxf5 exf5 17. Nd2 Qe6 18. Bd3 Nxd2 19. Rxd2 f4 20. Rdd1 f3 21. e4 Qf6 22. exd5 Ne7 23. Be4 Ng6 24. Bxg6 Qxg6 25. Re7 Rfe8 26. Rxe8+ Rxe8 27. Rf1 fxg2 28. Kxg2 h5 29. c4 h4 30. Qc3 Re2 31. Re1 Qe4+ 32. Kf1 h3 33. Qa5 Rxf2+ 34. Kxf2 Qf3+ 35. Kg1 Qg2# 0-1

[Event "Perth AUS Open"]
[Site "?"]
[Date "2023.01.04"]
[Round "4.48"]
[White "Brown, Greg"]
[Black "De Jong, Sjef"]
[Result "1-0"]
[WhiteElo "1312"]
[BlackElo "1593"]
[PlyCount "119"]
[EventDate "2023.01.??"]
[EventRounds "11"]
[EventCountry "AUS"]
[SourceVersionDate "2023.01.02"]

1. c4 c5 2. g3 Nc6 3. Bg2 Nf6 4. Nc3 d6 5. e3 Rb8 6. Nge2 Bd7 7. d4 cxd4 8. exd4 Bf5 9. O-O e6 10. Re1 Qc8 11. d5 Nd8 12. b3 a6 13. Nd4 g6 14. Nxf5 gxf5 15. Bh3 Be7 16. dxe6 fxe6 17. Bg2 b5 18. Qd3 b4 19. Ne2 e5 20. Be3 Qd7 21. Rad1 h5 22. h4 Nf7 23. Bh3 e4 24. Qd2 Ne5 25. Bg2 Nd3 26. Rf1 d5 27. Bf4 Rd8 28. Nc1 dxc4 29. Nxd3 cxd3 30. f3 Nd5 31. fxe4 fxe4 32. Bxe4 Nc3 33. Bg6+ Kf8 34. Be5+ Kg8 35. Bf7+ Kh7 36. Bxc3 Bc5+ 37. Kh2 bxc3 38. Qxc3 Rhf8 39. Qxc5 Rxf7 40. Qxh5+ Kg8 41. Rxf7 Qxf7 42. Qxf7+ Kxf7 43. Kg2 Kf6 44. g4 Ke5 45. Kf3 Kd4 46. g5 Kc3 47. Kg4 Kc2 48. Rh1 d2 49. h5 d1=Q+ 50. Rxd1 Rxd1 51. h6 Rd4+ 52. Kf5 Rd5+ 53. Kf6 Rd6+ 54. Kg7 Rd7+ 55. Kg6 Rd6+ 56. Kh5 Rd2 57. h7 Kb2 58. g6 Kxa2 59. Kh6 Rd8 60. g7 1-0

[Event "Perth AUS Open"]
[Site "?"]
[Date "2023.01.04"]
[Round "4.52"]
[White "Deng, Eric"]
[Black "McCarrick, Clare"]
[Result "1-0"]
[WhiteElo "1544"]
[BlackElo "1488"]
[PlyCount "85"]
[EventDate "2023.01.??"]
[EventRounds "11"]
[EventCountry "AUS"]
[SourceVersionDate "2023.01.02"]

1. e4 c5 2. Nf3 d6 3. d4 cxd4 4. Nxd4 Nf6 5. Nc3 g6 6. f3 Bg7 7. Be3 O-O 8. Qd2 Nc6 9. Bc4 a6 10. O-O-O b5 11. Nxc6 Qc7 12. Nxe7+ Qxe7 13. Be2 Be6 14. Qxd6 Qxd6 15. Rxd6 Rfc8 16. Kb1 Ne8 17. Rdd1 Bxc3 18. bxc3 Rxc3 19. Rd3 b4 20. Rhd1 Rxd3 21. Rxd3 a5 22. f4 Nc7 23. Rd6 f5 24. Bb6 Rc8 25. Bxc7 Bxa2+ 26. Kxa2 Rxc7 27. Bd3 fxe4 28. Bxe4 Kf7 29. Bd3 a4 30. Ra6 b3+ 31. cxb3 axb3+ 32. Kxb3 Kg7 33. Bc4 Re7 34. Re6 Rb7+ 35. Kc3 Rb1 36. Kd2 Rb2+ 37. Kd3 Rxg2 38. Re2 Rg4 39. Ke3 Kf6 40. Kf3 Rg1 41. Re6+ Kf5 42. Rd6 Re1 43. Bd3+ 1-0

[Event "Perth AUS Open"]
[Site "?"]
[Date "2023.01.04"]
[Round "4.54"]
[White "Moseley, Paul"]
[Black "De Rooy, Samuel"]
[Result "1-0"]
[WhiteElo "1357"]
[BlackElo "1317"]
[PlyCount "35"]
[EventDate "2023.01.??"]
[EventRounds "11"]
[EventCountry "AUS"]
[SourceVersionDate "2023.01.02"]

1. d4 Nf6 2. Nf3 e6 3. e3 d5 4. Bd3 c5 5. b3 Nc6 6. a3 cxd4 7. exd4 Bd6 8. Nbd2 Qb6 9. Bb2 O-O 10. O-O Bd7 11. c4 dxc4 12. Nxc4 Qc7 13. Re1 Rfe8 14. Nfe5 Nd5 15. Bxh7+ Kf8 16. Qf3 Bxe5 17. dxe5 Re7 18. Re4 1-0

[Event "Perth AUS Open"]
[Site "?"]
[Date "2023.01.05"]
[Round "5.1"]
[White "Tin Jingyao"]
[Black "Kuybokarov, Temur"]
[Result "1/2-1/2"]
[WhiteElo "2598"]
[BlackElo "2558"]
[PlyCount "80"]
[EventDate "2023.01.??"]
[EventRounds "11"]
[EventCountry "AUS"]
[SourceVersionDate "2023.01.02"]

1. d4 Nf6 2. c4 g6 3. Nc3 d5 4. Nf3 Bg7 5. Qb3 dxc4 6. Qxc4 a6 7. e4 b5 8. Qb3 c5 9. dxc5 Bb7 10. a4 Nbd7 11. axb5 Nxc5 12. Qc4 Nfd7 13. Be2 axb5 14. Rxa8 Qxa8 15. Nxb5 O-O 16. O-O Ba6 17. Be3 Rb8 18. Ra1 Bxb2 19. Ra5 Bxb5 20. Rxb5 Ne6 21. h4 Ne5 22. Nxe5 Bxe5 23. Rxb8+ Qxb8 24. Qa2 Bd4 25. Bh6 Bg7 26. Bxg7 Nxg7 27. Bc4 e6 28. Be2 Ne8 29. Qa1 e5 30. Bc4 Nf6 31. Bd5 Kg7 32. g3 Qd6 33. Qc3 h5 34. Qc4 Ng4 35. Kg2 Qb6 36. Qe2 Qd4 37. Qa2 Kh6 38. Bc6 Kg7 39. Bd5 Kh6 40. Bc6 Kg7 1/2-1/2

[Event "Perth AUS Open"]
[Site "?"]
[Date "2023.01.05"]
[Round "5.2"]
[White "Vo, Thi Kim Phung"]
[Black "Johansen, Darryl K"]
[Result "1/2-1/2"]
[WhiteElo "2343"]
[BlackElo "2360"]
[PlyCount "86"]
[EventDate "2023.01.??"]
[EventRounds "11"]
[EventCountry "AUS"]
[SourceVersionDate "2023.01.02"]

1. d4 Nf6 2. c4 e6 3. Nc3 Bb4 4. Nf3 b6 5. e3 Ne4 6. Qc2 Bb7 7. Bd3 f5 8. O-O Bxc3 9. bxc3 O-O 10. a4 Rf6 11. Nd2 Rh6 12. f3 Nxd2 13. Qxd2 Qh4 14. g3 Qh5 15. e4 Nc6 16. Qg2 Rf6 17. exf5 exf5 18. Bf4 Qf7 19. c5 Rc8 20. Qh3 Qd5 21. Bb1 Ba6 22. Ba2 Bc4 23. Qg2 bxc5 24. dxc5 Qxc5+ 25. Kh1 Re6 26. Qd2 Bxa2 27. Rxa2 d6 28. Rb2 Qc4 29. Rf2 Rce8 30. Kg2 h6 31. h4 Re1 32. Qc2 Ne5 33. Rb4 Qd3 34. Qb3+ Kh7 35. Rd4 Qb1 36. Qxb1 Rxb1 37. Re2 Kg6 38. Bxe5 Rxe5 39. Rxe5 Rb2+ 40. Kf1 dxe5 41. Rc4 Rb7 42. Rc6+ Kf7 43. h5 Ke7 1/2-1/2